Nghiên cứu tương quan giữa hàm lượng chì, Cadimi ở Vẹm xanh, sò lông và trong trầm tích tại vịnh Đà Nẵng

Tổng quan tài liệu:Tổng quan về độc chất Cadimi. Tổng quan về độc chất chì... Thời gian, địa điểm và phương pháp nghiên cứu...Kết quả nghiên cứu và bàn luận.

Sparad:
Bibliografiska uppgifter
Huvudupphovsman: Nguyễn, Duy Phương (Tác giả)
Övriga upphovsmän: Phạm Thị Hồng Hà T.S (Hướng dẫn)
Materialtyp: Bok
Språk:Vietnamese
Publicerad: Đà Nẵng Đại học Đà Nẵng 2011
Ämnen:
Taggar: Lägg till en tagg
Inga taggar, Lägg till första taggen!
Thư viện lưu trữ: Mạng thư viện Đại học Đà Nẵng
LEADER 01589nam a2200373 4500
001 000012624
003 8932
005 20120223070246.0
008 120223s2011 viesd
041 |a vie 
072 |a Luận văn Thạc sĩ 
082 |a 595.3  |b NG-P 
100 |a Nguyễn, Duy Phương  |e Tác giả 
245 |a Nghiên cứu tương quan giữa hàm lượng chì, Cadimi ở Vẹm xanh, sò lông và trong trầm tích tại vịnh Đà Nẵng  |c Nguyễn Duy Phương 
260 |a Đà Nẵng  |b Đại học Đà Nẵng  |c 2011 
300 |a 75 tr.  |b Hình ảnh  |c 29 cm  |e CD, Tóm tắt 
500 |a Luận văn Thạc sĩ khoa học. Chuyên ngành: Sinh thái học. Mã số: 60.42.60 
520 |a Tổng quan tài liệu:Tổng quan về độc chất Cadimi. Tổng quan về độc chất chì... Thời gian, địa điểm và phương pháp nghiên cứu...Kết quả nghiên cứu và bàn luận. 
653 |a Chì 
653 |a Cadimi 
653 |a Vẹm xanh 
653 |a Sò Lông 
653 |a Trầm tích 
700 |a Phạm Thị Hồng Hà  |c T.S  |e Hướng dẫn 
OWN |a LSP 
AVA |a UDN50  |b LSP  |d 595.3 NG-P  |e available  |t Error 5001 Not defined in file expand_doc_bib_avail.  |f 1  |g 0  |h N  |i 0  |k 1 
999 |a From the UDN01 
AVA |a UDN50  |b LSP  |d 595.3 NG-P  |e available  |t Error 5001 Not defined in file expand_doc_bib_avail.  |f 1  |g 0  |h N  |i 0  |k 1 
TYP |a Monograph 
TYP |a Printed language 
980 |a Mạng thư viện Đại học Đà Nẵng